书目信息 |
| 题名: |
活性炭的应用
|
|
| 作者: | 郑其庚 主编 | |
| 分册: | ||
| 出版信息: | 上海 华东理工学院出版社 2002.03 |
|
| 页数: | 299页 | |
| 开本: | 19cm | |
| 丛书名: | ||
| 单 册: | ||
| 中图分类: | Q , TQ424.1 | |
| 科图分类: | ||
| 主题词: | 吸附剂 | |
| 电子资源: | ||
| ISBN: | 7-5628-1230-6 | |
| 000 | 00568nam0 2200205 45 | |
| 001 | 8055716058 | |
| 005 | 1980010415283559 | |
| 010 | @a7-5628-1230-6@dRMB 25.00 | |
| 100 | @a19800104d2002 km y0chiy0120 ea | |
| 101 | 0 | @achi |
| 102 | @aCN@b310000 | |
| 200 | 1 | @a活性炭的应用@AHuo Xing Tan De Ying Yong@f郑其庚主编@Fzheng qi geng zhu bian |
| 210 | @a上海@c华东理工学院出版社@d2002.03 | |
| 215 | @a299页@d19cm | |
| 606 | 0 | @a吸附剂 |
| 690 | @aQ@v3 | |
| 690 | @aTQ424.1@v4 | |
| 701 | 0 | @a郑其庚@Azheng qi geng@4主编 |
| 801 | 0 | @aCN@bPFT@c19800104 |
| 905 | @dTQ424.1@eZ441 | |
| 活性炭的应用/郑其庚主编.-上海:华东理工学院出版社,2002.03 |
| 299页;19cm |
| ISBN 7-5628-1230-6:RMB 25.00 |
| ● |
| 相关链接 |
|
|
|
正题名:活性炭的应用
索取号:TQ424.1/Z441
 
预约/预借
| 序号 | 登录号 | 条形码 | 馆藏地/架位号 | 状态 | 备注 |
| 1 | 369781 | 203697810 | 自科二线504/504自科库 27排1列6层/ [索取号:TQ424.1/Z441] | 在馆 | |
| 2 | 369782 | 203697829 | 自科二线504/504自科库 27排1列6层/ [索取号:TQ424.1/Z441] | 在馆 |